000 00513cam a2200169 4500500
005 20260329004103.0
041 _afre
042 _adc
100 1 0 _aRazon, Boris
_eauthor
245 0 0 _aL’ère des machines invisibles
260 _c2018.
500 _a5
690 _aBoris Razon
690 _aTechnologie
786 0 _nPhilosophie magazine | 119 | 5 | 2018-05-01 | p. 22-25 | 1951-1787
856 4 1 _uhttps://shs.cairn.info/magazine-philosophie-magazine-2018-5-page-22?lang=fr&redirect-ssocas=7080
999 _c1830535
_d1830535